La représentation du discours autre. Principes pour une description /

This book offers a general model of reported speech that relies on clear, well-argued theoretical choices in order to describe accurately the diversity of observed situations. The metalanguage/alterity articulation is critically discussed at various levels (language, discourse, subject) where a cent...

Full description

Bibliographic Details
Main Author: Authier-Revuz, Jacqueline
Format: Book
Language:French
Published: Berlin : Walter de Gruyter & Co., 2019.
Series:Études de linguistique française ; 5.
Subjects:

MARC

Tag First Indicator Second Indicator Subfields
LEADER 00000cam a2200000M 4500
001 in00004350047
008 200403s2019 gw 000 0 fre d
005 20250318223845.5
020 |a 9783110637274 
020 |a 3110637278 
035 |a (OCoLC)on1151896924 
035 |a (OCoLC)1151896924 
040 |a ERASA  |b eng  |c ERASA  |d UtOrBLW 
050 4 |a P302 
050 4 |a P121-143.3 
082 0 4 |a 401/.41  |2 23 
082 0 4 |a 410 
100 1 |a Authier-Revuz, Jacqueline. 
245 1 3 |a La représentation du discours autre. Principes pour une description /  |c Jacqueline Authier-Revuz. 
264 1 |a Berlin :  |b Walter de Gruyter & Co.,  |c 2019. 
300 |a 685 pages 
336 |a text  |b txt  |2 rdacontent 
337 |a unmediated  |b n  |2 rdamedia 
338 |a volume  |b nc  |2 rdacarrier 
490 1 |a Études de linguistique française ;  |v 5 
520 8 |a This book offers a general model of reported speech that relies on clear, well-argued theoretical choices in order to describe accurately the diversity of observed situations. The metalanguage/alterity articulation is critically discussed at various levels (language, discourse, subject) where a central function of differential auto-configuration takes place. 
650 0 |a Discourse analysis.  |0 http://id.loc.gov/authorities/subjects/sh85038362 
830 0 |a Études de linguistique française ;  |v 5. 
852 8 |b pda,print  |z This title is available for the library to purchase for your use. Click the "Purchase It For Me" button to place a request. This item may take 5-10 business days to arrive. 
955 |a Print PDA title 
961 |m 565730 
999 f f |s b223053f-6d30-4cf9-905f-aa48da5c0b97  |i 8b6aa237-f726-316c-9a96-d19ff0210e37  |t 0 
952 f f |a Texas A&M University  |b College Station  |c Sterling C. Evans Library  |d Purchase on Demand  |t 0  |e P302   |h Library of Congress classification 
998 f f |a P302   |t 0  |l Purchase on Demand